Materiály ke cvičením ke kursu: Plánování investiční výstavby a vědeckotechnického rozvoje

Saved in:
Bibliographic Details
Main Author: Šrein, Zdeněk
Corporate Author: Vysoká škola ekonomická v Praze. Národohospodářská fakulta
Other Authors: Šauer, Petr
Format: Book
Language:Czech
Published: Praha VŠE 1982
Tags: Add Tag
No Tags, Be the first to tag this record!

MARC

LEADER 00000nam a2200000 4500
001 c115586
005 20190408130214.7
041 0 |a cze 
044 |a CZ 
245 1 0 |a Materiály ke cvičením ke kursu: Plánování investiční výstavby a vědeckotechnického rozvoje  |c Zdeněk Šrein, Petr Šauer 
264 1 |a Praha  |b VŠE  |c 1982 
300 |a 79 s. 
100 1 |a Šrein, Zdeněk 
700 1 |a Šauer, Petr 
710 2 |a Vysoká škola ekonomická v Praze. Národohospodářská fakulta